[Event "Bunratty Masters 2013"]
[Site "Bunratty IRL"]
[Date "2013.03.02"]
[Round "2"]
[White "O'Donnell, Conor"]
[Black "Murchadha, Oissine"]
[Result "1/2-1/2"]
[WhiteElo "1970"]
[BlackElo "1855"]
[WhiteICU "2065"]
[BlackICU "1935"]
[WhiteClub "Gonzaga"]
[BlackClub "Galway"]
[WhiteNationality "IRL"]
[BlackNationality "IRL"]
[WhiteFideId "2504243"]
[BlackFideId "2503603"]
[WhiteICUId "10792"]
[BlackICUId "6722"]
[PlyCount "44"]
[Venue "Bunratty Castle Hotel, Bunratty, Co. Clare"]
[EventDate "2013.03.01"]

{ Event information: <a
href="https://www.irlchess.com/bunratty2013_allfiles/pairings_bunratty2013.html">Tournament
report</a>. }

1. e4 c5 2. Nc3 d6 3. f4 g6 4. Nf3 Bg7 5. Bb5+ Bd7 6. Bc4 Nc6 7. O-O e6 8.
d3 Nge7 9. a3 a6 10. Qe1 h6 11. Qg3 b5 12. Bb3 Qb8 13. h4 h5 14. f5 exf5
15. Bf4 Ne5 16. Bxe5 dxe5 17. Nd5 f4 18. Qf2 Qd6 19. Ng5 Rf8 20. Nh7 Rh8
21. Ng5 Rf8 22. Nh7 Rh8 1/2-1/2

[Event "Bunratty Masters 2013"]
[Site "Bunratty IRL"]
[Date "2013.03.02"]
[Round "2"]
[White "Pein, Malcolm"]
[Black "Wolferink, Frans"]
[Result "1-0"]
[WhiteTitle "IM"]
[WhiteElo "2378"]
[BlackElo "2077"]
[WhiteNationality "ENG"]
[BlackNationality "NED"]
[WhiteFideId "400289"]
[BlackFideId "1003917"]
[PlyCount "100"]
[Venue "Bunratty Castle Hotel, Bunratty, Co. Clare"]
[EventDate "2013.03.01"]

{ Event information: <a
href="https://www.irlchess.com/bunratty2013_allfiles/pairings_bunratty2013.html">Tournament
report</a>. }

1. d4 Nf6 2. c4 g6 3. Nc3 d5 4. Nf3 Bg7 5. Qa4+ Bd7 6. Qb3 dxc4 7. Qxc4 O-O
8. e4 Nc6 9. Be2 Bg4 10. d5 Na5 11. Qa4 Bxf3 12. Bxf3 c6 13. O-O cxd5 14.
Rd1 Nc6 15. exd5 Ne5 16. Be2 a6 17. Bf4 Ne8 18. Qb3 Nd6 19. Be3 b5 20. a4
Nec4 21. Bd4 Qd7 22. Bxg7 Kxg7 23. axb5 axb5 24. Nxb5 Rxa1 25. Rxa1 Rb8 26.
Qc3+ Kg8 27. Nd4 Nb6 28. Nc6 Rc8 29. Bf3 Ra8 30. Rxa8+ Nxa8 31. Qe5 Nc8 32.
h4 Nc7 33. Nxe7+ Nxe7 34. d6 Ne6 35. dxe7 Qxe7 36. h5 Qh4 37. g3 Qc4 38.
Kg2 Qc1 39. Bd5 gxh5 40. Bxe6 fxe6 41. Qxe6+ Kg7 42. b4 Qd2 43. Qe5+ Kg6
44. Qe4+ Kg7 45. Qe5+ Kg6 46. b5 h4 47. gxh4 Qb4 48. Qg5+ Kf7 49. Qf5+ Kg7
50. h5 Qd4 1-0

[Event "Bunratty Masters 2013"]
[Site "Bunratty IRL"]
[Date "2013.03.02"]
[Round "2"]
[White "Van der Zwet, Bart"]
[Black "Keogh, Eamon"]
[Result "1-0"]
[BlackTitle "NM"]
[WhiteElo "2085"]
[BlackElo "1995"]
[BlackICU "1873"]
[BlackClub "Kilkenny"]
[WhiteNationality "NED"]
[BlackNationality "IRL"]
[WhiteFideId "1004204"]
[BlackFideId "2500264"]
[BlackICUId "731"]
[PlyCount "79"]
[Venue "Bunratty Castle Hotel, Bunratty, Co. Clare"]
[EventDate "2013.03.01"]
[WhiteFullName "van der Zwet, Bart"]

{ Event information: <a
href="https://www.irlchess.com/bunratty2013_allfiles/pairings_bunratty2013.html">Tournament
report</a>. }

1. e4 c5 2. Nf3 Nc6 3. d4 cxd4 4. Nxd4 Nf6 5. Nc3 e5 6. Ndb5 d6 7. Bg5 a6
8. Na3 Be6 9. Nc4 Bxc4 10. Bxc4 b5 11. Bd5 Rc8 12. Ne2 Qa5+ 13. c3 Nxd5 14.
Qxd5 Be7 15. Be3 b4 16. O-O Qxd5 17. exd5 Na5 18. cxb4 Nc4 19. Rac1 O-O 20.
b3 Nxe3 21. fxe3 Bg5 22. Kf2 f5 23. Rxc8 Rxc8 24. Rc1 Rxc1 25. Nxc1 Kf7 26.
Ne2 Bd8 27. Nc3 Bb6 28. b5 axb5 29. Nxb5 Ke7 30. Kf3 e4+ 31. Ke2 g5 32. g3
h5 33. b4 Kd7 34. a4 Bd8 35. Nd4 Bf6 36. Nxf5 Bc3 37. b5 Kc7 38. Nd4 Kb6
39. Nb3 g4 40. Nd2 1-0

[Event "Bunratty Masters 2013"]
[Site "Bunratty IRL"]
[Date "2013.03.02"]
[Round "2"]
[White "Wall, Gavin"]
[Black "Murray, David B."]
[Result "1-0"]
[WhiteTitle "IM"]
[WhiteElo "2340"]
[BlackElo "2141"]
[WhiteICU "2320"]
[BlackICU "2083"]
[WhiteClub "Richmond (&c.) ENG"]
[BlackClub "Gonzaga"]
[WhiteNationality "IRL"]
[BlackNationality "IRL"]
[WhiteFideId "2501244"]
[BlackFideId "2501511"]
[WhiteICUId "5441"]
[BlackICUId "4941"]
[PlyCount "67"]
[Venue "Bunratty Castle Hotel, Bunratty, Co. Clare"]
[EventDate "2013.03.01"]

{ Event information: <a
href="https://www.irlchess.com/bunratty2013_allfiles/pairings_bunratty2013.html">Tournament
report</a>. }

1. e4 e6 2. d4 d5 3. e5 c5 4. c3 Qb6 5. Nf3 Bd7 6. a3 Bb5 7. c4 Bxc4 8.
Bxc4 dxc4 9. d5 Ne7 10. d6 Nd5 11. O-O Qb3 12. Qe1 Qd3 13. Nc3 Nxc3 14.
bxc3 Nd7 15. Bf4 g6 16. Rd1 Qf5 17. Bg3 Bg7 18. Qe2 O-O 19. Rfe1 b5 20. Bh4
Rfc8 21. h3 h5 22. Kh2 a5 23. Bg3 g5 24. h4 g4 25. Ng5 Nb6 26. f3 Nd5 27.
fxg4 Qxg4 28. Qc2 Ra7 29. Qh7+ Kf8 30. Rxd5 exd5 31. e6 fxe6 32. Rf1+ Ke8
33. Qg8+ Kd7 34. Rf7+ 1-0

[Event "Bunratty Masters 2013"]
[Site "Bunratty IRL"]
[Date "2013.03.02"]
[Round "2"]
[White "Wells, Peter K."]
[Black "Courtney, John"]
[Result "1-0"]
[WhiteTitle "GM"]
[WhiteElo "2491"]
[BlackElo "2005"]
[BlackICU "1979"]
[BlackClub "Kilkenny"]
[WhiteNationality "ENG"]
[BlackNationality "IRL"]
[WhiteFideId "400327"]
[BlackFideId "2502380"]
[BlackICUId "6882"]
[PlyCount "67"]
[Venue "Bunratty Castle Hotel, Bunratty, Co. Clare"]
[EventDate "2013.03.01"]

{ Event information: <a
href="https://www.irlchess.com/bunratty2013_allfiles/pairings_bunratty2013.html">Tournament
report</a>. }

1. d4 Nf6 2. c4 e6 3. Nc3 Bb4 4. Qc2 O-O 5. e4 d5 6. e5 Ne4 7. Bd3 c5 8.
Ne2 cxd4 9. Nxd4 Nd7 10. Bf4 Ndc5 11. O-O Bxc3 12. bxc3 Nxd3 13. Qxd3 b6
14. cxd5 exd5 15. Rfe1 Be6 16. c4 Nc5 17. Qg3 Kh8 18. Rad1 Qc8 19. Nxe6
fxe6 20. cxd5 exd5 21. Rxd5 Qe6 22. Red1 Qf5 23. e6 Qxe6 24. Be5 Qf7 25. f4
Rfe8 26. Qf3 Kg8 27. h4 Rac8 28. h5 Re7 29. Bxg7 Ne6 30. Be5 Rc2 31. Qg4+
Kf8 32. Rd8+ Nxd8 33. Rxd8+ Re8 34. Bd6+ 1-0

[Event "Bunratty Masters 2013"]
[Site "Bunratty IRL"]
[Date "2013.03.02"]
[Round "3"]
[White "Annesley, Gareth"]
[Black "Van der Zwet, Bart"]
[Result "0-1"]
[WhiteElo "1925"]
[BlackElo "2085"]
[WhiteClub "Mallusk"]
[WhiteNationality "IRL"]
[BlackNationality "NED"]
[WhiteFideId "2505762"]
[BlackFideId "1004204"]
[PlyCount "106"]
[Venue "Bunratty Castle Hotel, Bunratty, Co. Clare"]
[EventDate "2013.03.01"]
[BlackFullName "van der Zwet, Bart"]

{ Event information: <a
href="https://www.irlchess.com/bunratty2013_allfiles/pairings_bunratty2013.html">Tournament
report</a>. }

1. e4 e6 2. d4 d5 3. Nc3 Bb4 4. e5 c5 5. a3 Bxc3+ 6. bxc3 Ne7 7. Qg4 Nbc6
8. Qxg7 Rg8 9. Qxh7 cxd4 10. cxd4 Nxd4 11. Qd3 Nef5 12. c3 Nc6 13. Nf3 Qc7
14. Bf4 f6 15. Bg3 fxe5 16. Nh4 Qe7 17. Nxf5 exf5 18. f3 f4 19. Bf2 Be6 20.
Qb5 O-O-O 21. Bc5 Qg7 22. O-O-O Qc7 23. Rg1 b6 24. Bf2 Na5 25. Kb2 Kb8 26.
Qb4 Rc8 27. Bd3 Rh8 28. h4 Rh6 29. g4 Nc6 30. Qa4 Bd7 31. Qb3 Na5 32. Qb4
Rc6 33. Rc1 Be6 34. Bf5 Bxf5 35. gxf5 Nc4+ 36. Ka2 Qf7 37. Rg6 Qxf5 38.
Rxc6 Rxc6 39. Qe7 Qd3 40. Kb3 Na5+ 41. Kb2 Qxf3 42. Qxe5+ Kb7 43. Qg7+ Rc7
44. Qd4 Rc4 45. Qg7+ Ka6 46. Bd4 Nc6 47. Bf6 Re4 48. Rc2 Qd1 49. Qd7 Re1
50. Qc8+ Ka5 51. c4 Qb1+ 52. Kc3 Re3+ 53. Kd2 Qe1# 0-1

[Event "Bunratty Masters 2013"]
[Site "Bunratty IRL"]
[Date "2013.03.02"]
[Round "3"]
[White "Baburin, Alexander"]
[Black "Cooper, Lawrence"]
[Result "1/2-1/2"]
[WhiteTitle "GM"]
[BlackTitle "IM"]
[WhiteElo "2534"]
[BlackElo "2317"]
[WhiteICU "2476"]
[WhiteClub "Kilkenny"]
[WhiteNationality "IRL"]
[BlackNationality "ENG"]
[WhiteFideId "2500914"]
[BlackFideId "401536"]
[WhiteICUId "7085"]
[PlyCount "44"]
[Venue "Bunratty Castle Hotel, Bunratty, Co. Clare"]
[EventDate "2013.03.01"]

{ Event information: <a
href="https://www.irlchess.com/bunratty2013_allfiles/pairings_bunratty2013.html">Tournament
report</a>. }

1. d4 Nf6 2. c4 e6 3. Nc3 Bb4 4. e3 O-O 5. Bd3 c5 6. Ne2 d5 7. cxd5 cxd4 8.
exd4 Nxd5 9. O-O Nc6 10. Qc2 Nf6 11. Rd1 Bd6 12. a3 h6 13. Bc4 Ne7 14. Ba2
Ned5 15. Bb1 Re8 16. Ng3 Bd7 17. Nge4 Bc6 18. Nxd6 Qxd6 19. Ne4 Qe7 20.
Nxf6+ Nxf6 21. Qe2 Qd6 22. Be3 Bd5 1/2-1/2

[Event "Bunratty Masters 2013"]
[Site "Bunratty IRL"]
[Date "2013.03.02"]
[Round "3"]
[White "Bourached, Anthony"]
[Black "Moynihan, Kieran"]
[Result "1-0"]
[WhiteElo "1858"]
[BlackElo "2179"]
[WhiteICU "1903"]
[BlackICU "2107"]
[WhiteClub "T.C.D."]
[BlackClub "C.C.Y.M.S."]
[WhiteNationality "IRL"]
[BlackNationality "IRL"]
[WhiteFideId "2504456"]
[BlackFideId "2500663"]
[WhiteICUId "12061"]
[BlackICUId "929"]
[PlyCount "92"]
[Venue "Bunratty Castle Hotel, Bunratty, Co. Clare"]
[EventDate "2013.03.01"]

{ Event information: <a
href="https://www.irlchess.com/bunratty2013_allfiles/pairings_bunratty2013.html">Tournament
report</a>. }

1. d4 Nf6 2. c4 c5 3. d5 b5 4. cxb5 a6 5. bxa6 g6 6. Nc3 Bxa6 7. Nf3 d6 8.
g3 Bg7 9. Bg2 Nfd7 10. O-O Nb6 11. Re1 O-O 12. Qc2 Nc4 13. Nd2 Ne5 14. h3
Qa5 15. f4 Nc4 16. Nxc4 Bxc4 17. Bd2 Ba6 18. Ne4 Qb6 19. Bc3 Nd7 20. Kh2
Rfb8 21. Bxg7 Kxg7 22. b3 Kg8 23. Nd2 Qc7 24. e4 f6 25. Bf1 Bxf1 26. Rxf1
Ra7 27. Nc4 Nb6 28. Nxb6 Rxb6 29. Qe2 Qb7 30. Rac1 Qa8 31. Rf2 Rb4 32. h4
Qb7 33. Rc4 Rb6 34. h5 Rba6 35. Rc2 Qa8 36. hxg6 hxg6 37. Kh1 Kg7 38. Rh2
f5 39. Rd2 e6 40. exf5 exf5 41. Qd3 Qg8 42. Qc3+ Kf7 43. Rh8 Qg7 44. Qxg7+
Kxg7 45. Rdh2 Rxa2 46. R2h7+ Kf6 1-0

[Event "Bunratty Masters 2013"]
[Site "Bunratty IRL"]
[Date "2013.03.02"]
[Round "3"]
[White "Courtney, John"]
[Black "O'Donnell, Conor"]
[Result "1-0"]
[WhiteElo "2005"]
[BlackElo "1970"]
[WhiteICU "1979"]
[BlackICU "2065"]
[WhiteClub "Kilkenny"]
[BlackClub "Gonzaga"]
[WhiteNationality "IRL"]
[BlackNationality "IRL"]
[WhiteFideId "2502380"]
[BlackFideId "2504243"]
[WhiteICUId "6882"]
[BlackICUId "10792"]
[PlyCount "75"]
[Venue "Bunratty Castle Hotel, Bunratty, Co. Clare"]
[EventDate "2013.03.01"]

{ Event information: <a
href="https://www.irlchess.com/bunratty2013_allfiles/pairings_bunratty2013.html">Tournament
report</a>. }

1. d4 f5 2. Bg5 h6 3. Bh4 g5 4. e3 Nf6 5. Bg3 Bg7 6. Bd3 d6 7. h4 Nc6 8.
hxg5 hxg5 9. Rxh8+ Bxh8 10. Nh3 g4 11. Nf4 e5 12. dxe5 Nxe5 13. Nc3 Qe7 14.
Qd2 Be6 15. O-O-O O-O-O 16. Nb5 Ne4 17. Bxe4 fxe4 18. Nxe6 Qxe6 19. Qa5 Qd7
20. Nxa7+ Kb8 21. Nb5 Qc6 22. Qa7+ Kc8 23. Nd4 Qd5 24. Rh1 Nf7 25. b3 Be5
26. c4 Qc5 27. Qxc5 dxc5 28. Ne6 Re8 29. Bxe5 Rxe6 30. Bf4 Ne5 31. Rh8+ Kd7
32. Bxe5 Rxe5 33. Rf8 Rh5 34. Rf4 Rh1+ 35. Kb2 Rf1 36. Ka3 Kd6 37. Rxe4
Rxf2 38. Rxg4 1-0

[Event "Bunratty Masters 2013"]
[Site "Bunratty IRL"]
[Date "2013.03.02"]
[Round "3"]
[White "Fehr, Jukka"]
[Black "Doyle, Hugh"]
[Result "0-1"]
[WhiteElo "1973"]
[BlackElo "1920"]
[BlackICU "1996"]
[BlackClub "Cork"]
[WhiteNationality "FIN"]
[BlackNationality "IRL"]
[WhiteFideId "4674693"]
[BlackFideId "2500876"]
[BlackICUId "10145"]
[PlyCount "42"]
[Venue "Bunratty Castle Hotel, Bunratty, Co. Clare"]
[EventDate "2013.03.01"]

{ Event information: <a
href="https://www.irlchess.com/bunratty2013_allfiles/pairings_bunratty2013.html">Tournament
report</a>. }

1. d4 Nf6 2. Nf3 e6 3. e3 b6 4. Bd3 Ba6 5. c4 d5 6. b3 Nc6 7. a3 Be7 8.
Nbd2 O-O 9. Bb2 Na5 10. Qc2 dxc4 11. bxc4 c5 12. g4 cxd4 13. Bxd4 Rc8 14.
g5 Nh5 15. Bxh7+ Kh8 16. Bg6 Nxc4 17. Qb1 Nxd2 18. Nxd2 fxg6 19. Qxg6 Nf6
20. gxf6 Bxf6 21. Nf3 Qd5 0-1

[Event "Bunratty Masters 2013"]
[Site "Bunratty IRL"]
[Date "2013.03.02"]
[Round "3"]
[White "Keogh, Eamon"]
[Black "Pearson, Ray"]
[Result "1/2-1/2"]
[WhiteTitle "NM"]
[WhiteElo "1995"]
[BlackElo "1926"]
[WhiteICU "1873"]
[WhiteClub "Kilkenny"]
[WhiteNationality "IRL"]
[BlackNationality "WLS"]
[WhiteFideId "2500264"]
[BlackFideId "1803018"]
[WhiteICUId "731"]
[PlyCount "78"]
[Venue "Bunratty Castle Hotel, Bunratty, Co. Clare"]
[EventDate "2013.03.01"]

{ Event information: <a
href="https://www.irlchess.com/bunratty2013_allfiles/pairings_bunratty2013.html">Tournament
report</a>. }

1. f4 e5 2. e4 exf4 3. Nf3 Be7 4. Bc4 d5 5. exd5 Nf6 6. Nc3 Nbd7 7. O-O O-O
8. d4 Nb6 9. Bb3 Nbxd5 10. Nxd5 Nxd5 11. Bxd5 Qxd5 12. Bxf4 Bf5 13. Qe2 Bf6
14. c4 Bxd4+ 15. Kh1 Qd7 16. Nxd4 Qxd4 17. Rad1 Qe4 18. Qxe4 Bxe4 19. Rfe1
f5 20. Bxc7 Rf7 21. Bd6 Rc8 22. c5 b6 23. b4 bxc5 24. bxc5 Rb7 25. Rd2 Kf7
26. Kg1 Rc6 27. Kf2 g5 28. Ke3 Ra6 29. Ree2 Ra3+ 30. Kf2 Rc3 31. Rb2 Rxb2
32. Rxb2 Ke6 33. Re2 Kd5 34. Rd2+ Kc6 35. Be7 Rd3 36. Rxd3 Bxd3 37. Ke3 Bc4
38. a3 f4+ 39. Kd4 Bd5 1/2-1/2

[Event "Bunratty Masters 2013"]
[Site "Bunratty IRL"]
[Date "2013.03.02"]
[Round "3"]
[White "McPhillips, Joseph"]
[Black "Wells, Peter K."]
[Result "1-0"]
[BlackTitle "GM"]
[WhiteElo "2161"]
[BlackElo "2491"]
[WhiteNationality "ENG"]
[BlackNationality "ENG"]
[WhiteFideId "422487"]
[BlackFideId "400327"]
[PlyCount "104"]
[Venue "Bunratty Castle Hotel, Bunratty, Co. Clare"]
[EventDate "2013.03.01"]

{ Event information: <a
href="https://www.irlchess.com/bunratty2013_allfiles/pairings_bunratty2013.html">Tournament
report</a>. }

1. e4 c5 2. Nf3 Nc6 3. d4 cxd4 4. Nxd4 Nf6 5. Nc3 d6 6. Bg5 e6 7. Qd2 Be7
8. O-O-O a6 9. f3 Nxd4 10. Qxd4 O-O 11. h4 b5 12. Kb1 Bb7 13. Qd2 Rc8 14.
Bd3 Nd7 15. a3 Ne5 16. Be2 f6 17. Bf4 Qc7 18. h5 Rfd8 19. Bd3 Nc4 20. Bxc4
Qxc4 21. Qe2 Qxe2 22. Nxe2 e5 23. Bd2 d5 24. Ba5 Rd7 25. exd5 Bd8 26. Bxd8
Rcxd8 27. Nc3 Bxd5 28. Nxd5 Rxd5 29. Rxd5 Rxd5 30. Re1 f5 31. g4 Kf7 32. c3
Kf6 33. Kc2 Kg5 34. gxf5 Kxf5 35. Rg1 g5 36. hxg6 hxg6 37. Rg4 g5 38. b3
Rd6 39. c4 bxc4 40. bxc4 Rh6 41. c5 Rc6 42. Rc4 Ke6 43. Kb3 Kd5 44. Kb4 g4
45. fxg4 e4 46. Rc1 e3 47. Rd1+ Ke4 48. Kc4 e2 49. Re1 Ke3 50. Kd5 Rg6 51.
c6 Rxg4 52. c7 Kd3 $4 ({ Time trouble? Simple oversight? Was this actually
played? } 52... Rg8 { =. }) 1-0

[Event "Bunratty Masters 2013"]
[Site "Bunratty IRL"]
[Date "2013.03.02"]
[Round "3"]
[White "Murray, David B."]
[Black "Moran, Stephen"]
[Result "1-0"]
[WhiteElo "2141"]
[BlackElo "2019"]
[WhiteICU "2083"]
[BlackICU "1970"]
[WhiteClub "Gonzaga"]
[BlackClub "T.C.D."]
[WhiteNationality "IRL"]
[BlackNationality "IRL"]
[WhiteFideId "2501511"]
[BlackFideId "2501872"]
[WhiteICUId "4941"]
[BlackICUId "5388"]
[PlyCount "84"]
[Venue "Bunratty Castle Hotel, Bunratty, Co. Clare"]
[EventDate "2013.03.01"]

{ Event information: <a
href="https://www.irlchess.com/bunratty2013_allfiles/pairings_bunratty2013.html">Tournament
report</a>. }

1. e4 e6 2. d3 d5 3. Nd2 c5 4. Ngf3 Nf6 5. g3 Nc6 6. Bg2 Be7 7. O-O O-O 8.
e5 Nd7 9. Re1 b5 10. Nf1 a5 11. h4 Ba6 12. Bf4 b4 13. N1h2 Nb6 14. Ng5 Qe8
15. Qh5 Bxg5 16. Qxg5 Nd4 17. h5 h6 18. Qg4 Kh7 19. Rac1 a4 20. Be3 Qb5 21.
Bxd4 cxd4 22. Qxd4 Rac8 23. Nf3 b3 24. axb3 axb3 25. c3 Na4 26. Rb1 Nc5 27.
Bf1 Ra8 28. Ra1 Bb7 29. Qf4 Qb6 30. Rxa8 Bxa8 31. Ra1 Bc6 32. Nd2 Kg8 33.
Qd4 Qb5 34. Qh4 Na4 35. Ra3 Nxb2 36. Rxb3 Qc5 37. Rxb2 Qxc3 38. Qb4 Qxe5
39. Rc2 Ba8 40. Qg4 d4 41. Nf3 Bxf3 42. Qxf3 Rb8 1-0

[Event "Bunratty Masters 2013"]
[Site "Bunratty IRL"]
[Date "2013.03.02"]
[Round "3"]
[White "Rawlinson, Aidan"]
[Black "Fox, Anthony"]
[Result "1-0"]
[WhiteElo "2171"]
[BlackElo "2108"]
[BlackICU "2055"]
[BlackClub "Dun Laoghaire"]
[WhiteNationality "ENG"]
[BlackNationality "IRL"]
[WhiteFideId "413496"]
[BlackFideId "2500736"]
[BlackICUId "456"]
[PlyCount "135"]
[Venue "Bunratty Castle Hotel, Bunratty, Co. Clare"]
[EventDate "2013.03.01"]

{ Event information: <a
href="https://www.irlchess.com/bunratty2013_allfiles/pairings_bunratty2013.html">Tournament
report</a>. }

1. d4 d5 2. c4 e6 3. Nf3 Nf6 4. g3 Be7 5. Bg2 O-O 6. O-O dxc4 7. Qa4 a6 8.
Qxc4 b5 9. Qc2 Bb7 10. Bd2 Be4 11. Qc1 Qc8 12. Nc3 Bb7 13. Qc2 c5 14. dxc5
Bxc5 15. Rac1 Nbd7 16. Qb1 Qb8 17. b4 Be7 18. a4 bxa4 19. Nxa4 Be4 20. Qb2
Qb7 21. Nc3 Bc6 22. Rb1 Rab8 23. Qa1 Rfc8 24. Rfc1 Ne4 25. Nd4 Nxd2 26.
Nxc6 Rxc6 27. b5 axb5 28. Rxb5 Qc8 29. Bxc6 Qxc6 30. Rxb8+ Nxb8 31. Qb2 Nd7
32. Qxd2 Nf6 33. Nd1 Qb7 34. Qb2 Qxb2 35. Nxb2 g6 36. Nd3 Kg7 37. Kg2 Bd6
38. Rc6 Bb8 39. h3 h5 40. f4 Ne4 41. Rb6 Bc7 42. Rb7 Bd6 43. Rd7 Bb8 44.
Rb7 Bd6 45. Nf2 Nxf2 46. Kxf2 h4 47. e3 hxg3+ 48. Kxg3 e5 49. Kf3 exf4 50.
exf4 Bc5 51. Rc7 Bd4 52. f5 Be5 53. Rc2 Bd4 54. h4 Bf6 55. Rh2 Be7 56. Kg4
Bd6 57. fxg6 fxg6 58. h5 gxh5+ 59. Rxh5 Kg6 60. Ra5 Bb4 61. Ra6+ Kf7 62.
Kf5 Bd2 63. Rd6 Bc3 64. Rd7+ Ke8 65. Ke6 Ba5 $4 (65... Kf8 { =. }) 66. Ra7
Bb6 67. Ra8+ Bd8 68. Rb8 1-0

[Event "Bunratty Masters 2013"]
[Site "Bunratty IRL"]
[Date "2013.03.02"]
[Round "3"]
[White "Trent, Lawrence"]
[Black "Wall, Gavin"]
[Result "1-0"]
[WhiteTitle "IM"]
[BlackTitle "IM"]
[WhiteElo "2427"]
[BlackElo "2340"]
[BlackICU "2320"]
[BlackClub "Richmond (&c.) ENG"]
[WhiteNationality "ENG"]
[BlackNationality "IRL"]
[WhiteFideId "408638"]
[BlackFideId "2501244"]
[BlackICUId "5441"]
[PlyCount "61"]
[Venue "Bunratty Castle Hotel, Bunratty, Co. Clare"]
[EventDate "2013.03.01"]

{ Reference: Jim Olney, <em>irish Examiner</em>, March 16, 2017 p. 18. } {
Event information: <a
href="https://www.irlchess.com/bunratty2013_allfiles/pairings_bunratty2013.html">Tournament
report</a>. }

1. d4 f5 2. Bg5 g6 3. Nc3 Nh6 4. Qd2 Nf7 5. h4 Bg7 6. O-O-O Nc6 7. d5 Nce5
8. e4 fxe4 9. Nxe4 c6 10. d6 Qb6 11. c3 Nxg5 12. hxg5 Qa5 13. f4 Qxa2 14.
fxe5 Qa1+ 15. Kc2 Qa4+ 16. Kd3 Bxe5 17. Nf3 Bxd6 18. Nxd6+ exd6 19. Rh4 Qb3
20. Nd4 Qf7 21. Rf4 Qd5 22. c4 Qc5 23. b4 Qb6 24. c5 dxc5 25. Qe3+ Kd8 26.
Ne6+ dxe6 27. Kc2+ Ke8 28. Qe5 Rf8 29. Rxf8+ Kxf8 30. Qh8+ Ke7 31. Qxh7+
1-0

[Event "Bunratty Masters 2013"]
[Site "Bunratty IRL"]
[Date "2013.03.02"]
[Round "3"]
[White "Wolferink, Frans"]
[Black "Lyons, Brendan"]
[Result "1-0"]
[WhiteElo "2077"]
[BlackElo "2007"]
[BlackICU "1929"]
[BlackClub "St. Benildus"]
[WhiteNationality "NED"]
[BlackNationality "IRL"]
[WhiteFideId "1003917"]
[BlackFideId "2500698"]
[BlackICUId "817"]
[PlyCount "76"]
[Venue "Bunratty Castle Hotel, Bunratty, Co. Clare"]
[EventDate "2013.03.01"]

{ Event information: <a
href="https://www.irlchess.com/bunratty2013_allfiles/pairings_bunratty2013.html">Tournament
report</a>. }

1. e4 d5 2. exd5 Nf6 3. d4 Bg4 4. f3 Bf5 5. Bb5+ Nbd7 6. Nc3 a6 7. Bd3 Bxd3
8. Qxd3 Nb6 9. Nge2 Nfxd5 10. Nxd5 Nxd5 11. c4 Nf6 12. Bf4 e6 13. O-O-O Bd6
14. Bg5 h6 15. Bh4 Be7 16. Rd2 Nd7 17. Bg3 Bb4 18. Rc2 Bd6 19. Nf4 Qg5 20.
Qe3 O-O 21. c5 Be7 22. h4 Qxg3 23. Rh3 Bxh4 24. Rxg3 Bxg3 25. Nh5 Bh4 26.
Qe4 Bg5+ 27. f4 Bh4 28. Qxb7 Rfc8 29. Qc6 Nf8 30. g3 Be7 31. g4 g6 32. Ng3
Bh4 33. Ne4 Rd8 34. g5 hxg5 35. fxg5 Nh7 36. Rg2 f5 37. gxf6 Nxf6 38. Qxe6+
Kg7 1-0

[Event "Bunratty Masters 2013"]
[Site "Bunratty IRL"]
[Date "2013.03.02"]
[Round "4"]
[White "Aguera Naredo, Javier"]
[Black "Trent, Lawrence"]
[Result "1-0"]
[WhiteTitle "FM"]
[BlackTitle "IM"]
[WhiteElo "2390"]
[BlackElo "2427"]
[WhiteNationality "ESP"]
[BlackNationality "ENG"]
[WhiteFideId "2204169"]
[BlackFideId "408638"]
[PlyCount "109"]
[Venue "Bunratty Castle Hotel, Bunratty, Co. Clare"]
[EventDate "2013.03.01"]
[WhiteFullName "Ag&uuml;era Naredo, Javier"]

{ Event information: <a
href="https://www.irlchess.com/bunratty2013_allfiles/pairings_bunratty2013.html">Tournament
report</a>. }

1. e4 e5 2. Nf3 Nc6 3. Bb5 a6 4. Ba4 Nf6 5. O-O b5 6. Bb3 Bc5 7. d3 d6 8.
c3 h6 9. Re1 O-O 10. Nbd2 Be6 11. Bc2 Ng4 12. Re2 Bxf2+ 13. Rxf2 Ne3 14.
Qe2 Nxc2 15. Rb1 Bxa2 16. b4 Bxb1 17. Nxb1 Na1 18. Qa2 a5 19. Qxa1 axb4 20.
Qb2 d5 21. cxb4 d4 22. Rc2 Qd6 23. Rc5 Ra4 24. Bd2 Qe6 25. Na3 Rfa8 26. Nc2
R8a6 27. Rxb5 Ra2 28. Qb1 f6 29. Rd5 Ra7 30. h3 Kh7 31. Nh4 Ne7 32. Rc5 g5
33. Nf3 c6 34. Ra5 R7xa5 35. bxa5 c5 36. Na1 Ra3 37. Nc2 Ra2 38. Nce1 Kg6
39. Qb5 Qc6 40. Qb3 Ra1 41. Kf2 Ra4 42. Nc2 c4 43. dxc4 Rxc4 44. Nb4 Qb5
45. Qa3 Nc6 46. Nd5 Kf7 47. Qd6 Rc2 48. Qxf6+ Kg8 49. Qg6+ Kf8 50. Qxh6+
Kg8 51. Qxg5+ Kf8 52. Qf6+ Kg8 53. Kg1 Qb7 54. Qg6+ Qg7 55. Nf6+ 1-0